Dragon Ball, de A à Z - Statistiques

Statistiques générales
  • Ce quiz a été pris 74 fois
  • Le résultat moyen est 10 sur 26
Statistiques - réponses
Question Reponse % Correct
Goku rencontré cette petite fille à lunette à la force colossale au village penguin Aralé
73%
L anime en comporte 153 Episodes
67%
Au contact de Toninjinka le chef de gang lapin, on se transforme en ... Carotte
65%
Nombre d étoile figurant sur la Dragon Ball de Goku, souvenir de son grand père Quatre
60%
Kame Sennin est celui de Baba Frère
58%
Attaque légendaire dont le nom est inspirée d un roi Hawaïen Kamehameha
53%
Obligation contractée involontairement par Goku à l'égard de Chichi, comprenant ce mot comme une sorte de nourriture Mariage
53%
Toriyama a confié avoir totalement oublié ce personnage a double personnalité Lunch
51%
Particule du nom de Piccolo signifiant "Grand roi demon" Daimao
49%
Oolong a obtenu de lui une culotte Shenron
49%
Assassin implacable affronté au pied de la tour Karin Tao Pai Pai
49%
Monnaie terrienne utilisée dans Dragon Ball Zeni
47%
Armée cherchant à mettre la main sur les Dragon Ball Red Ribbon
40%
Adversaire de Goku durant le Tenka Ichi Budokai auquel il participe dans le but de récolter de l eau Nam
38%
Alter Ego de Kame Sennin au Tenka ichi budokai Jackie Chun
35%
Forme que prend Goku à la pleine lune Oozaru
35%
Faculté que l oiseau millénaire aurait conféré à Goku s il n' était pas mort d une intoxication amimentaire Immortalité
33%
Père de la future épouse de Goku Gyumao
29%
Faculté permise grâce au Buku Jutsu Voler
29%
Jeune indien dont Goku se promet de ressusciter le père Upa
27%
Compagnon de Yamcha Puerh
25%
Ennemi que Krilin a pu vaincre grâce à son absence de nez Bacterian
24%
Endroit dans lequel Kame Sennin rétréci tombe en tentant de regarder Bulma WC
24%
La version enfant de Goku est jouable dans ce jeu Xenoverse 2
16%
Allié de Goku dont "la voix ressemble à celle de Krilin" Yajirobe
13%
Attaque de Tien Shin Han inspirée du volley ball Haikyuken
0%
Aucun quiz correspondant
Distribution des résultats
% des personnes avec chaque résultat
Percentile par nombre de réponses
Votre historique - résultats
Vous n’avez pas pris ce quiz